Fléchette : Vainqueur de la Premier League - Statistiques

Statistiques générales
  • Ce quiz a été pris 5 fois
  • Le résultat moyen est 12 sur 22
Statistiques - réponses
Année Vainqueur % Correct
2025 Luke Humphries
100%
2026 Luke Littler
100%
2024 Luke Littler
100%
2023 Michael van Gerwen
80%
2022 Michael van Gerwen
80%
2019 Michael van Gerwen
80%
2018 Michael van Gerwen
80%
2017 Michael van Gerwen
80%
2016 Michael van Gerwen
80%
2013 Michael van Gerwen
80%
2021 Jonny Clayton
40%
2012 Phil Taylor
40%
2010 Phil Taylor
40%
2008 Phil Taylor
40%
2007 Phil Taylor
40%
2006 Phil Taylor
40%
2005 Phil Taylor
40%
2014 Raymond van Barneveld
20%
2015 Gary Anderson
0%
2011 Gary Anderson
0%
2020 Glen Durrant
0%
2009 James Wade
0%
Aucun quiz correspondant
Distribution des résultats
% des personnes avec chaque résultat
Percentile par nombre de réponses
Votre historique - résultats
Vous n’avez pas pris ce quiz